[Event "Kimry"]
[Site "Kimry"]
[Date "2009.08.23"]
[Round "6"]
[White "Kazennova, Daria"]
[Black "Mikaelyan, Vladlen"]
[Result "1-0"]
[WhiteElo "1964"]
[BlackElo "2076"]
[PlyCount "35"]
[EventDate "2009.08.21"]
[EventType "tourn"]
[EventRounds "11"]
[EventCountry "RUS"]
[SourceTitle "CBM 132 Extra"]
[Source "ChessBase"]
[SourceDate "2009.11.03"]
[SourceVersion "1"]
[SourceVersionDate "2009.11.03"]
[SourceQuality "1"]

1. e4 e5 2. Nf3 Nc6 3. d4 f5 4. Nc3 d6 5. Bb5 exd4 6. Nxd4 Bd7 7. exf5 Qf6 8. Be3 Nxd4 9. Bxd4 Qxf5 10. Bd3 Qg5 11. 0-0 Nf6 12. Qe2+ Kf7 13. Bc4+ d5 14. Bxf6 gxf6 15. Nxd5 Kg7 16. Nxc7 Rc8 17. Ne6+ Bxe6 18. Qxe6 1-0

[Event "Kimry"]
[Site "Kimry"]
[Date "2009.08.22"]
[Round "4"]
[White "Karpov, Alexander"]
[Black "Mikaelyan, Vladlen"]
[Result "1-0"]
[WhiteElo "2362"]
[BlackElo "2076"]
[PlyCount "35"]
[EventDate "2009.08.21"]
[EventType "tourn"]
[EventRounds "11"]
[EventCountry "RUS"]
[SourceTitle "CBM 132 Extra"]
[Source "ChessBase"]
[SourceDate "2009.11.03"]
[SourceVersion "1"]
[SourceVersionDate "2009.11.03"]
[SourceQuality "1"]

1. e4 d5 2. exd5 Qxd5 3. Nc3 Qa5 4. Bc4 e6 5. d4 Nf6 6. Nf3 Ne4 7. Qd3 Nxc3 8. Bd2 Qh5 9. Bxc3 Qg6 10. Qe2 Qxg2 11. 0-0-0 Qh3 12. d5 Qh6+ 13. Bd2 Qh3 14. Ng5 Qf5 15. dxe6 f6 16. Bd3 Qd5 17. Qh5+ g6 18. Bxg6+ 1-0

[Event "Kimry"]
[Site "Kimry"]
[Date "2009.08.22"]
[Round "3"]
[White "Mikaelyan, Vladlen"]
[Black "Bivol, Alina"]
[Result "0-1"]
[WhiteElo "2076"]
[BlackElo "1958"]
[PlyCount "37"]
[EventDate "2009.08.21"]
[EventType "tourn"]
[EventRounds "11"]
[EventCountry "RUS"]
[SourceTitle "CBM 132 Extra"]
[Source "ChessBase"]
[SourceDate "2009.11.03"]
[SourceVersion "1"]
[SourceVersionDate "2009.11.03"]
[SourceQuality "1"]

1. e4 c5 2. c3 Nf6 3. d4 Nxe4 4. Ne2 d5 5. f3 Nf6 6. Bg5 e6 7. Nf4 cxd4 8. Bb5+ Nc6 9. cxd4 Bb4+ 10. Nd2 h6 11. a3 Bxd2+ 12. Qxd2 hxg5 13. Nh3 Rxh3 14. gxh3 Nd7 15. Rg1 Qf6 16. 0-0-0 Qxf3 17. Qxg5 g6 18. Bxc6 bxc6 19. Rde1 0-1

[Event "Kimry"]
[Site "Kimry"]
[Date "2009.08.21"]
[Round "2"]
[White "Prizant, Jaroslav"]
[Black "Mikaelyan, Vladlen"]
[Result "1-0"]
[WhiteElo "2483"]
[BlackElo "2076"]
[PlyCount "37"]
[EventDate "2009.08.21"]
[EventType "tourn"]
[EventRounds "11"]
[EventCountry "RUS"]
[SourceTitle "CBM 132 Extra"]
[Source "ChessBase"]
[SourceDate "2009.11.03"]
[SourceVersion "1"]
[SourceVersionDate "2009.11.03"]
[SourceQuality "1"]

1. e4 e5 2. Nf3 Nc6 3. Bc4 Nf6 4. Ng5 d5 5. exd5 Na5 6. d3 e4 7. Qe2 h6 8. Nxe4 Bb4+ 9. c3 0-0 10. cxb4 Nxc4 11. dxc4 Re8 12. Nxf6+ Kh8 13. Qxe8+ Qxe8+ 14. Nxe8 Bd7 15. Nxc7 Rc8 16. d6 Kg8 17. Nc3 Bc6 18. f3 Bd5 19. cxd5 1-0

[Event "Kimry-ch"]
[Site "Kimry"]
[Date "2004.??.??"]
[Round "9"]
[White "Ulianov, Sergey"]
[Black "Mikaelyan, Vladlen"]
[Result "1/2-1/2"]
[WhiteElo "2087"]
[BlackElo "2106"]
[PlyCount "106"]
[EventDate "2004.??.??"]
[EventType "swiss"]
[EventRounds "9"]
[EventCountry "RUS"]
[SourceTitle "EXT 2005"]
[Source "ChessBase"]
[SourceDate "2004.11.15"]
[SourceVersion "1"]
[SourceVersionDate "2004.11.15"]
[SourceQuality "1"]

1. e4 e5 2. Nf3 Nc6 3. Bc4 h6 4. 0-0 Bc5 5. Nc3 d6 6. h3 Nf6 7. d3 Be6 8. Bxe6 fxe6 9. Na4 Bb6 10. Nxb6 axb6 11. Bd2 0-0 12. Nh2 Kh7 13. Ng4 Qe8 14. Nxf6+ Rxf6 15. c3 Qg6 16. Qg4 Raf8 17. Qxg6+ Rxg6 18. Be3 Nd8 19. a4 Nc6 20. b4 Ra8 21. Ra2 Rf6 22. Rfa1 Rff8 23. b5 Na5 24. Ra3 d5 25. exd5 exd5 26. Rf1 e4 27. dxe4 Nc4 28. Ra2 Nxe3 29. fxe3 dxe4 30. Rxf8 Rxf8 31. Rd2 Rf7 32. Rd4 Re7 33. g4 Kg6 34. Kg2 Kf6 35. Kg3 g5 36. Rd8 Re5 37. c4 Rc5 38. Rd4 Re5 39. h4 Ke7 40. Kh3 Ke8 41. h5 Ke7 42. Kg3 Kf6 43. Rd7 Rc5 44. Rh7 Rxc4 45. Rxh6+ Kf7 46. Rg6 Rc5 47. Rh6 Rc3 48. Rh7+ Kg8 49. Rd7 Rxe3+ 50. Kf2 Rf3+ 51. Kg2 Rf4 52. Kg3 Rf3+ 53. Kg2 Rf4 1/2-1/2